الأخلاق عند فرويد : (رقم التسجيلة. 2655)

تفاصيل مارك
000 -الفاتح
عناصر البيانات ثابتة الطول 00671cam a2200181 i 4500
005 - تاريخ ووقت آخر معاملة
حقل ضبط 20251108164048.0
008 - عناصر البيانات ثابتة الطول
عناصر البيانات ثابتة الطول 250721s1989 sy gr 000 0 ara d
082 14 - رقم تصنيف ديوي العشري
رقم التصنيف 150.1952
رقم المادة ع ج ي
100 1# - مدخل رئيسي – اسم شخصي
الاسم الشخصي العجيلي، محمد علي
علاقة الشخص بالعمل/ دوره مؤلف.
245 12 - بيان العنوان
العنوان الأخلاق عند فرويد :
بقية العنوان دراسة تحليلية و نقدية /
بيان المسؤولية محمد علي العجيلي.
250 ## - بيان الطبعة
بيان الطبعة الطبعة الاولى.
264 1# - بيانات النشر، التوزيع…إلخ
مكان النشر، التوزيع...إلخ دمشق :
اسم الناشر، الموزع...إلخ دار طلاس للدراسات والترجمةوالنشر،
تاريخ النشر، التوزيع...إلخ 1989.
300 ## - الوصف المادي
عدد الوحدات المكونة للوعاء 386 صفحة.
650 17 - مدخل إضافي بالموضوع - مصطلح موضوعي
مصطلح موضوعي أو اسم جغرافي كعنصر مدخل التحليل النفسي.
650 17 - مدخل إضافي بالموضوع - مصطلح موضوعي
مصطلح موضوعي أو اسم جغرافي كعنصر مدخل الأخلاق.
942 ## - بيانات إضافية (كوها)
نوع التنصيف Dewey Decimal Classification
نوع المادة (كوها) كتب
المقتنيات
حالة السحب حالة الفقدان مصدر التصنيف حالة التلف غير قابل للإعارة المكتبة الرئيسية المكتبة الحالية موقع الرف تاريخ التزويد الرقم المتسلسل Total Checkouts رقم الإستدعاء تاريخ آخر ظهور تاريخ الفاتورة نوع المادة (كوها) الباركود
    Dewey Decimal Classification Unchecked   المكتبة المركزية المكتبة المركزية الإعارة 06/07/2004 166326   150.1952/عجي 28/07/2025 06/07/2004 كتب  
    Dewey Decimal Classification     المكتبة المركزية المكتبة المركزية الإعارة 31/01/2015 1586817   150.1952 / ع ج ي 28/07/2025 31/01/2015 كتب PLD00314773
Implemented & Customized by: BBB with SCIT (Smart Chains for Information Technology)

Powered by Koha